Les 100 joueurs les mieux valorisés de Premier League - Statistiques

Statistiques générales
  • Ce quiz a été pris 158 fois
  • Le résultat moyen est 55 sur 100
Statistiques - réponses
Nationalité Joueur Club % Correct
Norvégien Erling Braut-Haaland Manchester City
100%
Anglais Bukayo Saka Arsenal FC
96%
Français William Saliba Arsenal FC
96%
Suédois Alexander Isak Liverpool FC
95%
Equatorien Moisés Caicedo Chelsea FC
95%
Anglais Declan Rice Arsenal FC
93%
Français Hugo Ekitiké Liverpool FC
93%
Anglais Cole Palmer Chelsea FC
92%
Allemand Florian Wirtz Liverpool FC
92%
Argentin Enzo Fernández Chelsea FC
91%
Camerounais Bryan Mbeumo Manchester United
88%
Anglais Phil Foden Manchester City
87%
Argentin Alexis MacAllister Liverpool FC
86%
Brésilien Gabriel Arsenal FC
86%
Norvégien Martin Ødegaard Arsenal FC
86%
Néerlandais Ryan Gravenberch Liverpool FC
84%
Italien Sandro Tonali Newcastle United
84%
Croate Joško Gvardiol Manchester City
83%
Suédois Viktor Gyökeres Arsenal FC
80%
Hongrois Dominik Szoboszlai Liverpool FC
79%
Egyptien Omar Marmoush Manchester City
79%
Espagnol Rodri Manchester City
79%
Belge Jérémy Doku Manchester City
78%
Français Rayan Cherki Manchester City
78%
Brésilien Bruno Guimarães Newcastle United
77%
Néerlandais Cody Gakpo Liverpool FC
76%
Néerlandais Jurriën Timber Arsenal FC
75%
Français Ibrahima Konaté Liverpool FC
74%
Allemand Nick Woltemade Newcastle United
74%
Brésilien Estêvão Chelsea FC
73%
Brésilien Matheus Cunha Manchester United
73%
Ghanéen Antoine Semenyo Manchester City
72%
Espagnol David Raya Arsenal FC
72%
Espagnol Martín Zubimendi Arsenal FC
71%
Portugais Rúben Dias Manchester City
70%
Portugais Bruno Fernandes Manchester United
68%
Néerlandais Micky van de Ven Tottenham Hotspurs
68%
Slovène Benjamin Šeško Manchester United
67%
Français Leny Yoro Manchester United
66%
Italien Riccardo Calafiori Arsenal FC
66%
Brésilien Gabriel Martinelli Arsenal FC
64%
Brésilien João Pedro Chelsea FC
64%
Allemand Kai Havertz Arsenal FC
63%
Espagnol Marc Cucurella Chelsea FC
61%
Portugais Pedro Neto Chelsea FC
61%
Argentin Cristian Romero Tottenham Hotspurs
58%
Anglais Morgan Gibbs-White Nottingham Forest
58%
Anglais Eberechi Eze Arsenal FC
56%
Néerlandais Xavi Simons Tottenham Hotspurs
56%
Anglais Anthony Gordon Newcastle United
55%
Français Jean-Philippe Mateta Crystal Palace
55%
Hongrois Milos Kerkez Liverpool FC
55%
Ghanéen Mohammed Kudus Tottenham Hotspurs
55%
Ivoirien Amad Diallo Manchester United
54%
Néerlandais Jeremie Frimpong Liverpool FC
53%
Équatorien Piero Hincapié Arsenal FC
53%
Algérien Rayan Aït-Nouri Manchester City
51%
Anglais Morgan Rogers Aston Villa
50%
Anglais Reece James Chelsea FC
50%
Néerlandais Tijjani Reijnders Manchester City
50%
Suédois Anthony Elanga Nottingham Forest
48%
Italien Gianluigi Donnarumma Manchester City
48%
Français Malo Gusto Chelsea FC
47%
Camerounais Carlos Baleba Brighton Hove & Albion
44%
Portugais Matheus Nunes Manchester City
44%
Brésilien Savinho Manchester City
44%
Belge Amadou Onana Aston Villa
43%
Anglais Noni Madueke Arsenal FC
39%
Sénégalais Iliam Ndiaye Everton FC
38%
Suédois Dejan Kulusevski Tottenham Hotspurs
37%
Français Boubacar Kamara Aston Villa
36%
Italien Destiny Udogie Tottenham Hotspurs
36%
Brésilien Igor Thiago Brentford FC
34%
Anglais Adam Wharton Crystal Palace
33%
Argentin Alejandro Garnacho Chelsea FC
33%
Anglais Kobbie Mainoo Manchester United
33%
Anglais Marc Guéhi Manchester City
32%
Anglais Myles Lewis-Skelly Arsenal FC
28%
Espagnol Pedro Porro Tottenham Hotspurs
27%
Anglais Elliot Anderson Nottingham Forest
26%
Suédois Lucas Bergvall Tottenham Hotspurs
26%
Gallois Brennan Johnson Crystal Palace
25%
Néerlandais Matthijs de Ligt Manchester United
24%
Brésilien Murillo Nottingham Forest
24%
Anglais Curtis Jones Liverpool FC
23%
Anglais Nico O'Reilly Manchester City
22%
Anglais Levi Colwill Chelsea FC
21%
Gambien Yankuba Minteh Brighton Hove & Albion
21%
Norvégien Jørgen Strand Larsen Crystal Palace
19%
Brésilien Evanilson AFC Bournemouth
18%
Allemand Malick Thiaw Newcastle United
18%
Argentin Nico González Manchester City
18%
Anglais Tino Livramento Newcastle United
18%
Espagnol Cristhian Mosquera Arsenal FC
17%
Brésilien João Gomes Wolverhampton Wanderers
16%
Brésilien Andrey Santos Chelsea FC
14%
Suisse Dan Ndoye Nottingham Forest
12%
Anglais Jamie Bynoe-Gittens Chelsea FC
11%
Anglais Jacob Ramsey Newcastle United
9%
Anglais Jarrad Branthwaite Everton FC
7%
Aucun quiz correspondant
Distribution des résultats
% des personnes avec chaque résultat
Percentile par nombre de réponses
Votre historique - résultats
Vous n’avez pas pris ce quiz